[Event "P-4724"]
[Site "IECC email"]
[Date "2011.11.10"]
[Round "?"]
[White "Wincinson, Ginger Alice"]
[Black "Robertson, John"]
[Result "1-0"]
[WhiteElo "1100"]
[BlackElo "1169"]
[PlyCount "33"]
[EventDate "2011.??.??"]
[EventType "tourn (corr)"]
[SourceTitle "Corr 2020"]
[Source "ChessBase"]
[SourceDate "2019.09.30"]
[SourceVersion "1"]
[SourceVersionDate "2019.09.30"]
[SourceQuality "1"]
[WhiteTeam "England"]
[BlackTeam "Australia"]
[WhiteTeamCountry "ENG"]
[BlackTeamCountry "AUS"]

1. Nf3 d5 2. c4 dxc4 3. e3 Be6 4. Na3 Nc6 5. Nxc4 Bxc4 6. Bxc4 e6 7. 0-0 Qd7 8. a3 0-0-0 9. b4 a6 10. b5 Nce7 11. Ne5 Qe8 12. bxa6 b6 13. Qf3 c6 14. Nxf7 Ng6 15. Bxe6+ Qxe6 16. a7 Kb7 17. Nxd8+ 1-0

[Event "IECC Swiss-543.4"]
[Site "IECC email"]
[Date "2011.02.08"]
[Round "?"]
[White "Robertson, John"]
[Black "Vio, Mauro"]
[Result "0-1"]
[WhiteElo "1135"]
[BlackElo "1654"]
[PlyCount "24"]
[EventDate "2011.??.??"]
[EventType "swiss (corr)"]
[EventRounds "1"]
[SourceTitle "Corr 2013"]
[Source "ChessBase"]
[SourceDate "2012.11.12"]
[SourceVersion "1"]
[SourceVersionDate "2012.11.12"]
[SourceQuality "1"]
[WhiteTeam "Italy"]
[BlackTeam "Ecuador"]
[WhiteTeamCountry "ITA"]
[BlackTeamCountry "ECU"]

1. d4 d5 2. e3 Nf6 3. f3 Nc6 4. Nc3 e5 5. dxe5 Nxe5 6. f4 Nc6 7. Nf3 Bb4 8. a3 Bxc3+ 9. bxc3 0-0 10. Bd3 Ne4 11. Nd4 Qh4+ 12. Ke2 Qf2# 0-1

[Event "IECC KO-1079"]
[Site "IECC email"]
[Date "2010.01.20"]
[Round "?"]
[White "Buckle, Rodney"]
[Black "Robertson, John"]
[Result "0-1"]
[WhiteElo "1163"]
[BlackElo "1072"]
[PlyCount "50"]
[EventDate "2010.??.??"]
[EventType "match (corr)"]
[EventRounds "2"]
[SourceTitle "Corr 2013"]
[Source "ChessBase"]
[SourceDate "2012.11.12"]
[SourceVersion "1"]
[SourceVersionDate "2012.11.12"]
[SourceQuality "1"]
[WhiteTeam "England"]
[BlackTeam "Australia"]
[WhiteTeamCountry "ENG"]
[BlackTeamCountry "AUS"]

1. e4 c5 2. Nf3 d6 3. Bc4 e6 4. Nc3 Nf6 5. 0-0 Be7 6. d4 cxd4 7. Nxd4 e5 8. Bb5+ Nbd7 9. Nf5 g6 10. Nxd6+ Bxd6 11. Qxd6 Qe7 12. Qxe7+ Kxe7 13. Bg5 h6 14. Nd5+ Ke6 15. Nc7+ Ke7 16. Bxf6+ Nxf6 17. Nxa8 Nxe4 18. Rad1 Nd6 19. Nc7 Nxb5 20. Nxb5 a6 21. Nc7 Rd8 22. Nd5+ Ke6 23. c4 Kd7 24. Rfe1 Re8 25. Nb6+ Kc7 0-1

[Event "IECC M1-2010.R01"]
[Site "IECC email"]
[Date "2010.01.18"]
[Round "?"]
[White "Robertson, John"]
[Black "Meetze, Bill"]
[Result "0-1"]
[WhiteElo "1056"]
[BlackElo "1266"]
[PlyCount "48"]
[EventDate "2010.??.??"]
[EventType "tourn (corr)"]
[EventRounds "4"]
[SourceTitle "Telechess CBM 149"]
[Source "ChessBase"]
[SourceDate "2012.07.17"]
[SourceVersion "1"]
[SourceVersionDate "2012.07.17"]
[SourceQuality "1"]
[WhiteTeam "Australia"]
[BlackTeam "US of America"]
[WhiteTeamCountry "AUS"]
[BlackTeamCountry "USA"]

1. e4 e5 2. Nf3 Bc5 3. Nxe5 d6 4. Nd3 Nc6 5. Nxc5 dxc5 6. Bb5 Nge7 7. Nc3 0-0 8. 0-0 Nd4 9. Bc4 Be6 10. Bxe6 fxe6 11. d3 Qd6 12. Be3 Rf7 13. Ne2 Raf8 14. Nxd4 cxd4 15. Bg5 Ng6 16. Qe2 Qc5 17. Rfc1 Qxg5 18. f3 Rxf3 19. Rf1 Rxf1+ 20. Rxf1 Rxf1+ 21. Qxf1 Qd2 22. Qb1 Nf4 23. Qf1 Ne2+ 24. Kf2 Qe3+ 0-1

[Event "IECC M1-2010.R01"]
[Site "IECC email"]
[Date "2010.01.18"]
[Round "?"]
[White "Stevenson, Walter"]
[Black "Robertson, John"]
[Result "1-0"]
[WhiteElo "1052"]
[BlackElo "1107"]
[PlyCount "77"]
[EventDate "2010.??.??"]
[EventType "tourn (corr)"]
[EventRounds "4"]
[SourceTitle "Telechess CBM 149"]
[Source "ChessBase"]
[SourceDate "2012.07.17"]
[SourceVersion "1"]
[SourceVersionDate "2012.07.17"]
[SourceQuality "1"]
[WhiteTeam "Canada"]
[BlackTeam "Australia"]
[WhiteTeamCountry "CAN"]
[BlackTeamCountry "AUS"]

1. d4 d5 2. c4 Nf6 3. Nc3 dxc4 4. e3 e6 5. Bxc4 Bd6 6. Nf3 Nbd7 7. 0-0 c6 8. Qc2 b5 9. Bd3 Nb6 10. e4 Bb4 11. a3 Be7 12. h3 0-0 13. Bg5 Nbd7 14. e5 Nd5 15. Bxe7 Qxe7 16. Nxd5 cxd5 17. Bxb5 a6 18. Be2 f6 19. Bd3 g6 20. Rfe1 f5 21. Qd2 h6 22. Qxh6 Nb6 23. Qxg6+ Qg7 24. Qxg7+ Kxg7 25. b3 a5 26. Rac1 Rh8 27. Rc7+ Bd7 28. Bb5 Rhd8 29. Bxd7 Nxd7 30. Ng5 Kg6 31. Nxe6 Rac8 32. Rec1 Rxc7 33. Rxc7 Re8 34. Rxd7 Rxe6 35. Rxd5 f4 36. Rd6 Kf5 37. Rxe6 Kxe6 38. b4 axb4 39. axb4 1-0

[Event "IECC M1-2009.T118"]
[Site "IECC email"]
[Date "2009.12.16"]
[Round "?"]
[White "Ladeira, Paulo Ribeiro Soare"]
[Black "Robertson, John"]
[Result "0-1"]
[WhiteElo "1109"]
[BlackElo "1011"]
[PlyCount "52"]
[EventDate "2009.??.??"]
[EventType "match (corr)"]
[EventRounds "2"]
[SourceTitle "Telechess CBM 137"]
[Source "ChessBase"]
[SourceDate "2010.07.15"]
[SourceVersion "1"]
[SourceVersionDate "2010.07.15"]
[SourceQuality "1"]
[WhiteTeam "Brazil"]
[BlackTeam "Australia"]
[WhiteTeamCountry "BRA"]
[BlackTeamCountry "AUS"]

1. d4 b6 2. e4 e6 3. Nf3 Nf6 4. e5 Ne4 5. Bd3 d5 6. Nc3 Bb4 7. Bd2 Nxc3 8. Bxc3 Bxc3+ 9. bxc3 Nc6 10. 0-0 Ne7 11. Rb1 0-0 12. Nd2 g6 13. c4 c6 14. cxd5 Nxd5 15. Ne4 Nf4 16. Nd6 Bd7 17. Qd2 Nd5 18. c4 Ne7 19. g4 Nc8 20. c5 f6 21. f4 f5 22. h3 Qh4 23. Qg2 fxg4 24. hxg4 Ne7 25. Be2 Nd5 26. f5 Ne3 0-1

[Event "IECC M1-2009.T118"]
[Site "IECC email"]
[Date "2009.12.16"]
[Round "?"]
[White "Robertson, John"]
[Black "Ladeira, Paulo Ribeiro Soare"]
[Result "1-0"]
[WhiteElo "1030"]
[BlackElo "1088"]
[PlyCount "63"]
[EventDate "2009.??.??"]
[EventType "match (corr)"]
[EventRounds "2"]
[SourceTitle "Telechess CBM 149"]
[Source "ChessBase"]
[SourceDate "2012.07.17"]
[SourceVersion "1"]
[SourceVersionDate "2012.07.17"]
[SourceQuality "1"]
[WhiteTeam "Australia"]
[BlackTeam "Brazil"]
[WhiteTeamCountry "AUS"]
[BlackTeamCountry "BRA"]

1. e4 e6 2. Nc3 d5 3. exd5 exd5 4. d4 Ne7 5. Nf3 Nbc6 6. Be3 Bg4 7. h3 Bxf3 8. Qxf3 g6 9. 0-0-0 Bg7 10. g4 Qd7 11. Bf4 0-0 12. Ne2 Rad8 13. Bg2 f5 14. g5 Nxd4 15. Nxd4 Bxd4 16. Rxd4 c6 17. h4 Nc8 18. Re1 Nd6 19. b3 Rfe8 20. Rdd1 Ne4 21. Kb2 a6 22. Be3 b5 23. b4 Qd6 24. a3 Kg7 25. Bd4+ Kf7 26. Qb3 Qf4 27. Bxe4 fxe4 28. Qg3 Qxg3 29. fxg3 Kg8 30. Rf1 Rd6 31. Be3 h5 32. gxh6 1-0

[Event "IECC M1-2009.T68"]
[Site "IECC email"]
[Date "2009.06.09"]
[Round "?"]
[White "Cooper, Andrew C"]
[Black "Robertson, John"]
[Result "0-1"]
[WhiteElo "967"]
[BlackElo "1057"]
[PlyCount "96"]
[EventDate "2009.??.??"]
[EventType "match (corr)"]
[EventRounds "2"]
[SourceTitle "Corr 2011"]
[Source "ChessBase"]
[SourceDate "2010.08.31"]
[SourceVersion "1"]
[SourceVersionDate "2010.08.31"]
[SourceQuality "1"]
[WhiteTeam "Australia"]
[BlackTeam "Australia"]
[WhiteTeamCountry "AUS"]
[BlackTeamCountry "AUS"]

1. e4 e5 2. Bc4 Ne7 3. Qh5 Ng6 4. Nf3 Nc6 5. Ng5 Qe7 6. Nxf7 Qxf7 7. Bxf7+ Kxf7 8. Nc3 Bd6 9. d3 Nd4 10. Kd2 c6 11. Ne2 Nxe2 12. Kxe2 Be7 13. f4 exf4 14. Rf1 Kg8 15. g3 Nf8 16. Rxf4 Ng6 17. Rf3 d6 18. Bg5 Be6 19. Raf1 Bxg5 20. Qxg5 Re8 21. h4 Ne5 22. Rf4 h6 23. Qh5 Kh7 24. c4 g6 25. Qf3 Nxf3 26. R1xf3 Kg7 27. b4 Rhf8 28. c5 Rxf4 29. gxf4 Bg4 30. Kf2 Bxf3 31. Kxf3 dxc5 32. bxc5 Rf8 33. a4 a5 34. d4 Kf6 35. Kg4 h5+ 36. Kg3 Rb8 37. d5 cxd5 38. exd5 Rc8 39. Kf3 Rxc5 40. d6 Rd5 41. Ke4 Rxd6 42. Ke3 Kf5 43. Ke2 Rd4 44. Ke3 Rxa4 45. Kd3 Rxf4 46. Kc3 Rxh4 47. Kb3 Re4 48. Kc3 h4 0-1

[Event "IECC M1-2008.T79"]
[Site "IECC email"]
[Date "2008.10.14"]
[Round "?"]
[White "Robertson, John"]
[Black "Simmons, Ernest"]
[Result "0-1"]
[WhiteElo "979"]
[BlackElo "1087"]
[PlyCount "66"]
[EventDate "2008.??.??"]
[EventType "match (corr)"]
[EventRounds "2"]
[SourceTitle "Corr 2013"]
[Source "ChessBase"]
[SourceDate "2012.11.12"]
[SourceVersion "1"]
[SourceVersionDate "2012.11.12"]
[SourceQuality "1"]
[WhiteTeam "Russia"]
[BlackTeam "US of America"]
[WhiteTeamCountry "RUS"]
[BlackTeamCountry "USA"]

1. e4 c5 2. Bc4 e6 3. e5 d6 4. exd6 Bxd6 5. Nf3 Nf6 6. 0-0 0-0 7. d4 Nc6 8. c3 Na5 9. Nbd2 Nc6 10. Nb3 cxd4 11. cxd4 Re8 12. a3 a6 13. Nbd2 Be7 14. Nb3 b5 15. Bd3 Bb7 16. Nc5 Qb6 17. Nxb7 Qxb7 18. b4 Red8 19. Qe2 Nxd4 20. Nxd4 Rxd4 21. Bb2 Rdd8 22. Rac1 Rac8 23. h3 g6 24. g4 Rxc1 25. Bxc1 Qd7 26. Rd1 Nd5 27. Bb2 Nf4 28. Qe5 Nxh3+ 29. Kf1 f6 30. Qc3 Qa7 31. Rd2 Ng5 32. f4 Nf3 33. Re2 Qg1# 0-1

[Event "IECC M1-2008.T79"]
[Site "IECC email"]
[Date "2008.10.14"]
[Round "?"]
[White "Simmons, Ernest"]
[Black "Robertson, John"]
[Result "0-1"]
[WhiteElo "1099"]
[BlackElo "967"]
[PlyCount "104"]
[EventDate "2008.??.??"]
[EventType "match (corr)"]
[EventRounds "2"]
[SourceTitle "Corr 2013"]
[Source "ChessBase"]
[SourceDate "2012.11.12"]
[SourceVersion "1"]
[SourceVersionDate "2012.11.12"]
[SourceQuality "1"]
[WhiteTeam "Russia"]
[BlackTeam "US of America"]
[WhiteTeamCountry "RUS"]
[BlackTeamCountry "USA"]

1. c4 e5 2. Nc3 Nf6 3. d3 Bb4 4. Bd2 0-0 5. a3 Be7 6. Nf3 Nc6 7. e4 d6 8. Be3 Ng4 9. Qd2 Nxe3 10. Qxe3 h6 11. Be2 f5 12. 0-0 f4 13. Qd2 Bg4 14. Ne1 Bxe2 15. Nxe2 Bg5 16. Nf3 b6 17. Nc3 Nd4 18. Qd1 Nxf3+ 19. Qxf3 Bh4 20. Qd1 Qg5 21. f3 Qg6 22. Qb3 Qf7 23. Rfd1 c5 24. Nd5 Bd8 25. Qb5 Qb7 26. Qb3 g5 27. Kf2 h5 28. Rg1 g4 29. Ke2 Qh7 30. Raf1 Kf7 31. Qa4 Kg6 32. Qc6 Be7 33. Qd7 Bd8 34. Qxd6+ Rf6 35. Nxf6 Bxf6 36. Qc6 Rd8 37. Qa4 Rg8 38. Qc6 Qf7 39. Qd5 Qh7 40. Qe6 Qf7 41. Qc6 Kg7 42. Qa4 Rh8 43. h3 g3 44. Ra1 h4 45. b4 Rc8 46. Qa6 Qd7 47. b5 Rc7 48. Rgf1 Qd4 49. Kd2 Qb2+ 50. Ke1 Qxa1+ 51. Ke2 Qb2+ 52. Ke1 Qc1+ 0-1

[Event "IECC M1-2008.R04"]
[Site "IECC email"]
[Date "2008.06.08"]
[Round "?"]
[White "Simmons, Ernest"]
[Black "Robertson, John"]
[Result "1/2-1/2"]
[WhiteElo "1087"]
[BlackElo "1004"]
[PlyCount "80"]
[EventDate "2008.??.??"]
[EventType "tourn (corr)"]
[EventRounds "4"]
[SourceTitle "Corr 2013"]
[Source "ChessBase"]
[SourceDate "2012.11.12"]
[SourceVersion "1"]
[SourceVersionDate "2012.11.12"]
[SourceQuality "1"]
[WhiteTeam "Hungary"]
[BlackTeam "South Africa"]
[WhiteTeamCountry "HUN"]
[BlackTeamCountry "RSA"]

1. d4 d5 2. c4 Nf6 3. Nc3 c6 4. e3 e6 5. a3 b6 6. Nf3 Nbd7 7. Bd3 g6 8. 0-0 Bd6 9. Re1 Ba6 10. cxd5 Bxd3 11. Qxd3 cxd5 12. Bd2 a6 13. Rac1 b5 14. b4 0-0 15. Nb1 Rc8 16. Rc3 Rc7 17. Rec1 Qb8 18. Rc6 Rxc6 19. Rxc6 Nb6 20. Rc1 Nbd7 21. Nc3 Ng4 22. g3 Ngf6 23. Ne2 e5 24. Qb3 e4 25. Ne1 Rc8 26. Rxc8+ Qxc8 27. Nc3 Nb6 28. Qc2 Nc4 29. Nb1 Qc6 30. Qc1 h5 31. f3 Kg7 32. f4 Qd7 33. Qd1 Qh3 34. Qe2 Ng4 35. Qg2 Qxg2+ 36. Nxg2 f5 37. Bc1 Kf6 38. h3 Nh6 39. Nc3 Nb6 40. Kf2 g5 1/2-1/2

[Event "IECC M1-2008.R03"]
[Site "IECC email"]
[Date "2008.04.07"]
[Round "?"]
[White "Robertson, John"]
[Black "Simmons, Ernest"]
[Result "1-0"]
[WhiteElo "971"]
[BlackElo "1081"]
[PlyCount "141"]
[EventDate "2008.??.??"]
[EventType "tourn (corr)"]
[EventRounds "4"]
[SourceTitle "Corr 2013"]
[Source "ChessBase"]
[SourceDate "2012.11.12"]
[SourceVersion "1"]
[SourceVersionDate "2012.11.12"]
[SourceQuality "1"]
[WhiteTeam "Hungary"]
[BlackTeam "South Africa"]
[WhiteTeamCountry "HUN"]
[BlackTeamCountry "RSA"]

1. e4 c6 2. d4 d5 3. e5 e6 4. Nf3 Be7 5. Be2 Nd7 6. 0-0 c5 7. c4 dxc4 8. Bxc4 Nb6 9. Be2 cxd4 10. Nxd4 Nd7 11. a3 Nxe5 12. Nf3 Nc6 13. Nc3 Nf6 14. Qxd8+ Bxd8 15. Bg5 0-0 16. Rae1 h6 17. Bf4 a6 18. b4 Be7 19. Bd2 b5 20. Bd1 Nxb4 21. axb4 Bxb4 22. Ne4 Be7 23. Nxf6+ Bxf6 24. Bc2 a5 25. Rb1 Bd7 26. Rfd1 Be8 27. Ne1 a4 28. Bb4 a3 29. Ra1 Bxa1 30. Rxa1 Bc6 31. Bxf8 Kxf8 32. Bb3 Be4 33. Bc2 Bd5 34. Nd3 Bc4 35. Nb4 Ke7 36. Bd3 Bxd3 37. Nxd3 Kd6 38. Kf1 Kd5 39. Ke2 Kc4 40. Kd2 b4 41. Rc1+ Kb5 42. Rc5+ Ka4 43. Kc2 b3+ 44. Kb1 Rb8 45. Rc4+ Ka5 46. Rc5+ Ka4 47. Rc4+ Ka5 48. Rc5+ Ka4 49. Rc4+ Ka5 50. Rc5+ Ka6 51. Rc4 Ka5 52. Rc5+ Rb5 53. Rc7 Kb6 54. Rc3 h5 55. h4 f6 56. f4 Ka5 57. Nc5 Kb4 58. Ne4 f5 59. Nd6 Kxc3 60. Nxb5+ Kb4 61. Nd4 Kc4 62. Ne2 b2 63. Kc2 b1R 64. Kxb1 Kd3 65. Ng1 Ke4 66. Nh3 e5 67. g3 Kd5 68. fxe5 Kxe5 69. Nf4 Ke4 70. Nxh5 g6 71. Nf4 1-0